Loading...
Usase poocho /
| Other Authors: | |
|---|---|
| Format: | Printed Book |
| Language: | Hindi |
| Published: |
New Delhi:
Vani prakasan,
2008.
|
| Subjects: |
| LEADER | 00500cam a2200169ua 4500 | ||
|---|---|---|---|
| 008 | 101222t2008||||||||||| 00 ||hin c | ||
| 041 | 0 | |a hin | |
| 082 | |a 891.433 |b ZAD/U | ||
| 245 | 0 | 0 | |a Usase poocho / |
| 260 | |a New Delhi: |b Vani prakasan, |c 2008. | ||
| 300 | |a 232p.. | ||
| 362 | 1 | |a 2008. | |
| 650 | 0 | |a Hindi fiction | |
| 700 | 0 | 2 | |a Jaya Zadvani, |
| 942 | |c BK | ||
| 999 | |c 24443 |d 24443 | ||
| 952 | |0 0 |1 0 |4 0 |6 891_433000000000000_ZAD |7 0 |9 26004 |a KUCL |b KUCL |d 2014-05-23 |l 0 |o 891.433 ZAD/ |p 24598 |r 2014-05-23 |w 2014-05-23 |y BK | ||